Normal view
MARC view
Entry Topical Term
001 - CONTROL NUMBER
- control field: 3160
003 - CONTROL NUMBER IDENTIFIER
- control field: OSt
005 - DATE AND TIME OF LATEST TRANSACTION
- control field: 20150304172126.0
008 - FIXED-LENGTH DATA ELEMENTS
- fixed length control field: 150304|| aca||aabn | a|a d
040 ## - CATALOGING SOURCE
- Original cataloging agency: OSt
- Transcribing agency: OSt
150 ## - HEADING--TOPICAL TERM
- Topical term or geographic name entry element: Neuro anatomy
670 ## - SOURCE DATA FOUND
- Source citation: Work cat.: (OSt): Crossman A R 3159, Neuroanatomy:, 2000.
